| 000 | 00365nam a22001217a 4500 | ||
|---|---|---|---|
| 082 | _aTHE 200 | ||
| 100 |
_aMEHWISH NASIM, _972871 |
||
| 245 | _aTH-SOF-0618-ENERGY EFFICIENT CLUSTERING IN AD HOC WIRELESS SENSOR NETWORKS | ||
| 260 |
_aNUST COLLEGE OF EME _bISLAMABAD _c2018 |
||
| 650 | _aMS-CSE-7 MSTHESIS | ||
| 700 |
_aDR MUHAMMAD YOUNUS JAVED _918584 |
||
| 942 | _cCF | ||
| 999 |
_c578845 _d578845 |
||